00329nam a2200133Ia 4500008004100000041000800041082001600049100002000065245002300085250001400108260003800122300002400160365001100184240624s9999 xx 000 0 und d aeng a658.401 GIT aGITLOW HOWARD S aQUALITY MANAGEMENT a(3rd ed.) c2009aNew DelhibTata McGraw-Hill a763 : p. : cm. ; 28 cRSb33